000 00982 a2200205 4500
001 34652
005 20260407155633.0
008 260407a1991 arg spa d
003 AR-UNSa-BCEJYS
040 _aAR-UNSa-BCEJYS
_bspa
_cAR-UNSa-BCEJYS
080 _a658.012.32
_xFormas de organización, de gestión
245 1 0 _aOrganizaciones
020 _a950-12-7206-0
264 1 _aBuenos Aires :
_bPaidós
_c1991
300 _a534 p.
_c22 cm.
505 _a1. Administraciones de organizaciones.Objeto de estudio y caracterización de la disciplina - 2. Distintos abordajes en administración - 3. Dinámica administrativa. Los objetivos y el proceso decisorio - 4. Dinámica administrativa: Configuraciones estructurales - 5. Dinámica administrativa: Comunicaciones y sistemas - 6. Dinámica administrativa: Procesos administrativos - 7. Paradigmas: Hacia donde va la administración.
942 _cBK
590 _aniveau_biblio:m niveau_hierar:0
100 1 _aAder, José Jorge
999 _c2480
_d2480